Normal view
MARC view
- Smits, Alexander J
Entry Personal Name
001 - CONTROL NUMBER
- control field: 80992
003 - CONTROL NUMBER IDENTIFIER
- control field: NUST
005 - DATE AND TIME OF LATEST TRANSACTION
- control field: 20210708145726.0
008 - FIXED-LENGTH DATA ELEMENTS
- fixed length control field: 210708|| aca||aabn | a|a d
040 ## - CATALOGING SOURCE
- Original cataloging agency: NUST
- Transcribing agency: NUST
100 ## - HEADING--PERSONAL NAME
- Personal name: Smits, Alexander J
670 ## - SOURCE DATA FOUND
- Source citation: Work cat.: (NUST)0: Smits, Alexander J., A physical introduction to fluid mechanics /, c2000.
